000 00355 a2200109 4500
001 ART_10359
005 20260410161731.0
008 260409a
245 1 0 _aEstabilidad de precios, reactivación económica y exportaciones
100 1 _aBrodersohn, Mario S.
773 0 _tEjecutivos de finanzas
_g- Año 3, Nº 21 (sep. 1985)
_wREV2863
999 _c17890
_d17890